[Event "ICS rated blitz match"]
[Site "204.178.125.65"]
[Date "2000.02.22"]
[Round "?"]
[White "Hossa"]
[Black "Randolf-Raatass"]
[Result "1-0"]
[WhiteElo "2283"]
[BlackElo "2122"]
[PlyCount "51"]

1. e4 Nf6 2. e5 Nd5 3. d4 d6 4. Nf3 Bg4 5. Be2 c6 6. Ng5 Bf5 7. e6 fxe6 8. g4
Bg6 9. Bd3 Bxd3 10. Qxd3 Nb4 11. Qb3 N8a6 12. O-O Qd7 13. Re1 e5 14. Qf7+ Kd8
15. Ne6+ Kc8 16. Na3 Nc7 17. Nxf8 Qxg4+ 18. Kh1 Nbd5 19. dxe5 dxe5 20. Rg1 Qe4+
21. f3 Qe2 22. Qf5+ e6 23. Nxe6 Ne7 24. Qf7 Ncd5 25. Bg5 Ng6 26. Nc5 1-0

[Event "ICS rated blitz match"]
[Site "204.178.125.65"]
[Date "2000.02.22"]
[Round "?"]
[White "albert"]
[Black "Hossa"]
[Result "0-1"]
[WhiteElo "2095"]
[BlackElo "2292"]
[PlyCount "68"]

1. d4 c6 2. c4 Nf6 3. Nc3 d6 4. Nf3 Bg4 5. e3 Nbd7 6. Be2 e5 7. O-O Be7 8. h3
Bh5 9. c5 Bxf3 10. Bxf3 dxc5 11. d5 cxd5 12. Nxd5 e4 13. Nxf6+ Nxf6 14. Qa4+
Qd7 15. Qxd7+ Kxd7 16. Rd1+ Kc6 17. Be2 Rhd8 18. Bd2 Rd6 19. b4 Rad8 20. b5+
Kb6 21. Bc3 Ne8 22. Rxd6+ Rxd6 23. a4 Bf6 24. a5+ Kc7 25. Rc1 Bxc3 26. Rxc3 Rd5
27. Bc4 Rd7 28. Kf1 Nf6 29. Ke2 b6 30. axb6+ Kxb6 31. Ra3 Nd5 32. Ra6+ Kb7 33.
Rc6 Nc3+ 34. Ke1 Rd1# 0-1

[Event "ICS rated blitz match"]
[Site "204.178.125.65"]
[Date "2000.02.22"]
[Round "?"]
[White "Amateur"]
[Black "Hossa"]
[Result "0-1"]
[WhiteElo "2361"]
[BlackElo "2307"]
[PlyCount "88"]

1. Nf3 e6 2. c4 d5 3. e3 Nf6 4. cxd5 exd5 5. Nc3 Be7 6. Qa4+ Qd7 7. Qf4 O-O 8.
Bd3 Nc6 9. O-O Bd6 10. Qh4 Qg4 11. Nb5 Be5 12. Qxg4 Bxg4 13. Be2 a6 14. Nc3
Bxc3 15. dxc3 Ne5 16. Re1 Bxf3 17. Bxf3 Nxf3+ 18. gxf3 Rfe8 19. Kg2 c5 20. Kg3
b6 21. Kf4 Re6 22. h3 Rae8 23. Bd2 Nd7 24. Red1 Ne5 25. Be1 Rf6+ 26. Kg3 Rg6+
27. Kf4 c4 28. Rxd5 Nd3+ 29. Rxd3 cxd3 30. h4 Rg1 31. Rc1 Rh1 32. Kg4 Re6 33.
h5 Rh6 34. e4 R6xh5 35. c4 R5h2 36. Kg3 h5 37. c5 bxc5 38. e5 g5 39. Bd2 Rh3+
40. Kg2 R1h2+ 41. Kf1 h4 42. Bf4 Rh1+ 43. Kg2 gxf4 44. Rxh1 Rxh1 0-1

[Event "ICS rated blitz match"]
[Site "204.178.125.65"]
[Date "2000.02.22"]
[Round "?"]
[White "DiepX"]
[Black "Hossa"]
[Result "1-0"]
[WhiteElo "2630"]
[BlackElo "2342"]
[PlyCount "177"]

1. e4 d5 2. exd5 Nf6 3. Bb5+ Bd7 4. Bc4 Bg4 5. f3 Bc8 6. Nc3 Nbd7 7. Nge2 Nb6
8. Bb3 a5 9. d3 a4 10. Bc4 Nfxd5 11. Nxd5 Nxd5 12. Bg5 h6 13. Bd2 Nb6 14. Bc3
Nxc4 15. dxc4 Qxd1+ 16. Rxd1 Be6 17. b3 axb3 18. axb3 Bf5 19. Nd4 Bd7 20. Nb5
Bxb5 21. cxb5 e6 22. Ke2 Bd6 23. b6 Rh7 24. h3 Ra2 25. bxc7 Bxc7 26. Kd3 Ra8
27. Ra1 Rd8+ 28. Ke2 Bg3 29. Ra7 Rc8 30. Kd3 Rd8+ 31. Ke3 Rc8 32. Bb4 Rxc2 33.
Rxb7 g6 34. Re7+ Kd8 35. Ra1 Bh4 36. Ra8+ Rc8 37. Rxc8+ Kxc8 38. Ra7 Bg3 39.
Bc5 Bb8 40. Re7 Bg3 41. b4 h5 42. f4 h4 43. Ra7 Kb8 44. Rd7 Kc8 45. Re7 Bh2 46.
Kf3 Bg3 47. Bd4 Kd8 48. Bf6 Kc8 49. b5 Rh5 50. Bg5 f6 51. Bxf6 Rxb5 52. Rxe6
Kd7 53. Re7+ Kc8 54. Bg5 Rb3+ 55. Re3 Rb6 56. Re2 Kd7 57. Kg4 Rb4 58. Re7+ Kc8
59. Rg7 Be1 60. Bf6 Bg3 61. Be5 Rb6 62. Kg5 Rc6 63. Rxg6 Rc2 64. Rg7 Rxg2 65.
Kf5 Rc2 66. Re7 Rc1 67. Kg4 Rg1 68. Rc7+ Kd8 69. Rg7 Ke8 70. Kf5 Rb1 71. Ke6
Kf8 72. Rg4 Re1 73. Rg5 Bf2 74. Rf5+ Ke8 75. Rh5 Bc5 76. Rh8+ Bf8 77. f5 Re3
78. f6 Rf3 79. Bd4 Rf4 80. Bc5 Re4+ 81. Kf5 Kd7 82. Kxe4 Bxc5 83. f7 Ba7 84.
Kd5 Bc5 85. Kxc5 Ke6 86. f8=Q Ke5 87. Rxh4 Ke6 88. Re4+ Kd7 89. Re7# 1-0

[Event "ICS rated blitz match"]
[Site "204.178.125.65"]
[Date "2000.02.22"]
[Round "?"]
[White "Hossa"]
[Black "Amateur"]
[Result "0-1"]
[WhiteElo "2337"]
[BlackElo "2326"]
[PlyCount "172"]

1. c4 e6 2. Nf3 Nf6 3. d4 Nc6 4. e3 d5 5. cxd5 exd5 6. Be2 Bd6 7. O-O O-O 8.
Nc3 Bg4 9. Bd2 Re8 10. Rc1 Qd7 11. Be1 a6 12. Qb3 Rab8 13. Qc2 Nb4 14. Qb3 Qf5
15. Ne5 Bh5 16. Bd2 c5 17. Bxh5 Qxh5 18. f4 c4 19. Qd1 Qf5 20. g4 Qe6 21. g5
Bxe5 22. fxe5 Nd7 23. Qf3 Rf8 24. Kh1 Nd3 25. Rb1 Nb6 26. e4 Rbd8 27. exd5 Nxd5
28. Ne4 Nc7 29. Nd6 Nb5 30. Nxb5 axb5 31. Be3 Rd7 32. Kg1 Nb4 33. a3 Nc2 34.
Rbd1 Rfd8 35. Bf2 Nxd4 36. Bxd4 Rxd4 37. Rxd4 Rxd4 38. Qxb7 Qg4+ 39. Kh1 Qe4+
40. Qxe4 Rxe4 41. Rd1 Kf8 42. a4 bxa4 43. Ra1 c3 44. bxc3 Ke7 45. Rb1 Ke6 46.
Rb6+ Kxe5 47. Rb7 Ke6 48. Ra7 Rc4 49. Kg2 g6 50. Ra5 f5 51. gxf6 Kxf6 52. h3 h5
53. Kh2 g5 54. Kg2 h4 55. Kh2 g4 56. hxg4 Rxg4 57. Ra6+ Ke5 58. Ra5+ Kd6 59.
Ra6+ Kc5 60. Ra5+ Kb6 61. Ra8 Rc4 62. Kg2 Kb7 63. Ra5 Kc6 64. Ra7 Kb6 65. Ra8
Kb5 66. Rb8+ Kc5 67. Ra8 Kb6 68. Kh1 Kb5 69. Rb8+ Kc5 70. Rc8+ Kd5 71. Rd8+ Ke5
72. Rd2 Rxc3 73. Rd8 a3 74. Ra8 h3 75. Re8+ Kd4 76. Re2 Rb3 77. Rd2+ Kc3 78.
Rf2 Rb1+ 79. Kh2 Rb2 80. Re2 Rxe2+ 81. Kg3 h2 82. Kf3 h1=Q+ 83. Kxe2 Qh3 84.
Kf2 a2 85. Kg1 a1=Q+ 86. Kf2 Qaf1# 0-1

[Event "ICS rated standard match"]
[Site "204.178.125.65"]
[Date "2000.02.22"]
[Round "?"]
[White "Hossa"]
[Black "DiepX"]
[Result "0-1"]
[WhiteElo "2237"]
[BlackElo "2481"]
[PlyCount "256"]

1. c4 c6 2. Nc3 d5 3. d4 Nf6 4. e3 g6 5. cxd5 cxd5 6. Nf3 Bg7 7. Bb5+ Bd7 8.
Qb3 Bxb5 9. Qxb5+ Qd7 10. h4 O-O 11. h5 Qxb5 12. Nxb5 a6 13. Nc3 gxh5 14. Bd2
e6 15. Rc1 Nbd7 16. Kf1 Rfc8 17. Rh4 Nf8 18. Kg1 Rc7 19. Rh3 Rac8 20. a4 N8d7
21. a5 Bf8 22. Rg3+ Ng4 23. Ne1 Bd6 24. Rh3 Ngf6 25. Nd3 Ne4 26. Be1 Ndf6 27.
f3 Nxc3 28. bxc3 Kf8 29. Rb1 h6 30. g3 Ke7 31. Kf1 Rg8 32. Ke2 Rg5 33. Rb3 Rg6
34. Rb2 Kd7 35. Ne5+ Bxe5 36. dxe5 Ng8 37. Rxh5 Ne7 38. Rb4 Nc6 39. Rf4 Ke8 40.
Ra4 Nd8 41. Rhh4 Rc5 42. Rhb4 Kd7 43. g4 Kc8 44. Rf4 Rg7 45. c4 dxc4 46. Raxc4
Rxc4 47. Rxc4+ Nc6 48. Bc3 Kd7 49. Rf4 Rh7 50. Rc4 h5 51. gxh5 Rxh5 52. f4 Rh1
53. e4 Rh2+ 54. Kd3 Rh3+ 55. Ke2 Rh1 56. Ke3 Rh5 57. Kf3 Rh8 58. Ke3 Rh4 59.
Kf3 Rh2 60. Ke3 Rh4 61. Kf3 Rh6 62. Kg2 Rh8 63. Kf3 Rh4 64. Ke3 Ke8 65. Rc5
Rh3+ 66. Ke2 Kd8 67. Kf2 Rh7 68. Rc4 Rh2+ 69. Ke3 Rh3+ 70. Kf2 Rh2+ 71. Ke3 Ke8
72. Kd3 Rh3+ 73. Ke2 Kd7 74. Kf2 Rd3 75. Ke2 Rg3 76. Kf2 Rg4 77. Bd2 Rh4 78.
Kg2 Rh8 79. Rc3 Rh6 80. Rb3 Kc8 81. Bc3 Rh8 82. Rb1 Rd8 83. Kf2 Rd3 84. Rc1 Kd7
85. Rc2 Rh3 86. Ke2 Ke8 87. Rc1 Kd7 88. Rc2 Ke8 89. Rc1 Ke7 90. Bd2 Nd4+ 91.
Kf2 Kd7 92. Rb1 Rf3+ 93. Kg2 Rb3 94. Rd1 Rd3 95. Kf2 Nf3 96. Be3 Rxd1 97. Kxf3
Kc6 98. Bb6 Rf1+ 99. Ke3 Kb5 100. f5 exf5 101. exf5 Rxf5 102. Ke4 Rf1 103. Kd5
Rd1+ 104. Ke4 Kc4 105. Bc7 Rc1 106. Kf5 Kd5 107. Bb8 Rf1+ 108. Kg5 Ke6 109. Bc7
Rc1 110. Bb6 Kxe5 111. Be3 Rc2 112. Bb6 f5 113. Kh5 Kf4 114. Bd8 Rh2+ 115. Kg6
Ke4 116. Kf7 f4 117. Bb6 f3 118. Ke8 f2 119. Bxf2 Rxf2 120. Kd7 Ke5 121. Kc7
Rf7+ 122. Kb8 Kd6 123. Kc8 Rg7 124. Kb8 Kc6 125. Ka8 b6 126. Kb8 Rg8+ 127. Ka7
b5 128. Kxa6 Ra8# 0-1

[Event "ICS rated blitz match"]
[Site "204.178.125.65"]
[Date "2000.02.22"]
[Round "?"]
[White "kuminaama"]
[Black "Hossa"]
[Result "0-1"]
[WhiteElo "2125"]
[BlackElo "2320"]
[PlyCount "44"]

1. d4 d5 2. c4 dxc4 3. e3 Nf6 4. Bxc4 e6 5. Nf3 Bd6 6. O-O O-O 7. Qe2 c5 8. e4
Be7 9. e5 Nfd7 10. Rd1 cxd4 11. Rxd4 Nc6 12. Rd1 Qc7 13. Nc3 Ndxe5 14. Bf4
Nxf3+ 15. Qxf3 Ne5 16. Qg3 Nf3+ 17. Qxf3 Qxc4 18. Rac1 Qb4 19. Be5 f6 20. Rd4
fxe5 21. Rxb4 Rxf3 22. Rc4 Rf8 0-1

[Event "ICS rated blitz match"]
[Site "204.178.125.65"]
[Date "2000.02.22"]
[Round "?"]
[White "Amateur"]
[Black "Hossa"]
[Result "1-0"]
[WhiteElo "2343"]
[BlackElo "2328"]
[PlyCount "163"]

1. c4 Nf6 2. Nc3 e6 3. e4 c5 4. e5 Ng8 5. Nf3 Nc6 6. d4 cxd4 7. Nxd4 Nxe5 8.
Qa4 Nf6 9. Be2 Qb6 10. Ncb5 Bc5 11. Be3 O-O 12. b4 Qa6 13. Qb3 Bxd4 14. Bxd4
Neg4 15. f3 Qc6 16. fxg4 e5 17. Bc5 d6 18. Bxd6 Rd8 19. Be7 Qxg2 20. Qf3 Qxf3
21. Bxf3 Rd3 22. Nc7 Rb8 23. Be2 Re3 24. Kf2 Rxe2+ 25. Kxe2 Bxg4+ 26. Ke3 Ne8
27. Nd5 f5 28. h3 Bh5 29. Rhg1 Kf7 30. Rg5 g6 31. Rc1 Rc8 32. b5 Ke6 33. Bb4
Nf6 34. Nxf6 Kxf6 35. Rgg1 g5 36. c5 f4+ 37. Kf2 Be8 38. b6 Ra8 39. Rc2 e4 40.
Ke2 e3 41. Bc3+ Kf5 42. Rb1 Bh5+ 43. Ke1 Bf3 44. Rb5 Kg6 45. Bd4 Rd8 46. Rc4
Bd5 47. Rcb4 a6 48. Ra5 Re8 49. Ra3 h5 50. Bc3 Bg2 51. Bd4 h4 52. Rb2 Bxh3 53.
c6 Bc8 54. Rc3 g4 55. cxb7 Bxb7 56. Rc7 Re4 57. Rxb7 Rxd4 58. Rc7 h3 59. b7 h2
60. Rb6+ Kf5 61. Rh7 Rd8 62. Rh5+ Ke4 63. Rxh2 Rb8 64. Rh7 a5 65. Rh5 Kf3 66.
a4 Kg2 67. Rxa5 f3 68. Rf5 Rh8 69. Rb2+ f2+ 70. Ke2 Rb8 71. a5 Rd8 72. a6 Rd5
73. Rf4 Kh3 74. b8=Q Ra5 75. a7 Ra1 76. Rxf2 exf2 77. Rb3+ Kh4 78. Qh8+ Kg5 79.
Qe5+ Kh6 80. Rb6+ Kh7 81. Qe7+ Kh8 82. Rb8# 1-0

[Event "ICS rated standard match"]
[Site "204.178.125.65"]
[Date "2000.02.22"]
[Round "?"]
[White "pad"]
[Black "Hossa"]
[Result "0-1"]
[WhiteElo "2161"]
[BlackElo "2231"]
[PlyCount "52"]

1. d4 e6 2. Nf3 Nf6 3. Bf4 b6 4. e3 Be7 5. Bd3 Nh5 6. Bg3 Nc6 7. c3 a5 8. Nbd2
Bb7 9. Qe2 a4 10. O-O a3 11. b3 f5 12. Ne1 Nxg3 13. hxg3 O-O 14. e4 fxe4 15.
Qxe4 g6 16. Qg4 Rf7 17. Nc4 Qf8 18. Nf3 Bf6 19. Rae1 Qh6 20. Qf4 Qxf4 21. gxf4
Ra7 22. Nfe5 Nxe5 23. fxe5 Bg5 24. Ne3 Kg7 25. g3 Bf3 26. Ng2 Bd2 0-1

[Event "ICS rated blitz match"]
[Site "204.178.125.65"]
[Date "2000.02.22"]
[Round "?"]
[White "Hossa"]
[Black "Amateur"]
[Result "0-1"]
[WhiteElo "2313"]
[BlackElo "2358"]
[PlyCount "78"]

1. Nf3 Nf6 2. g3 b6 3. Bg2 Bb7 4. O-O c5 5. d3 g6 6. Bf4 Bg7 7. e4 Nh5 8. Be5
Nf6 9. Bxf6 exf6 10. Nfd2 O-O 11. Nc3 Nc6 12. Nb5 Qb8 13. Nc4 Ba6 14. a4 Re8
15. f4 Qd8 16. Ncd6 Re7 17. f5 Bxb5 18. axb5 Ne5 19. d4 cxd4 20. Qxd4 Kh8 21.
Qd5 Qb8 22. Ra6 h6 23. c3 g5 24. Rfa1 Kg8 25. Kh1 Kh7 26. R1a3 g4 27. c4 h5 28.
Qd4 Bh6 29. c5 bxc5 30. Qxc5 Bg7 31. b6 axb6 32. Rxb6 Qf8 33. Rb7 Ree8 34. Rc7
Reb8 35. Bf1 Rxb2 36. Rxa8 Qxa8 37. Ra7 Nf3 38. Bg2 Rb1+ 39. Bf1 Qf8 0-1

[Event "ICS rated blitz match"]
[Site "204.178.125.65"]
[Date "2000.02.22"]
[Round "?"]
[White "Hossa"]
[Black "thomasv"]
[Result "1-0"]
[WhiteElo "2299"]
[BlackElo "2042"]
[PlyCount "81"]

1. d4 Nf6 2. c4 c6 3. Nc3 d5 4. Nf3 e6 5. cxd5 exd5 6. e3 Bd6 7. Bd3 O-O 8. Qc2
Re8 9. Bd2 Nbd7 10. O-O-O Nf8 11. Ng5 b5 12. Kb1 a5 13. Ne2 b4 14. Qxc6 Bg4 15.
f3 Rc8 16. Qa6 Ra8 17. Qb7 Rb8 18. Qxf7+ Kh8 19. fxg4 a4 20. h3 b3 21. a3 Re7
22. Rdf1 Bxa3 23. Rxf6 Bxb2 24. Qxf8+ Qxf8 25. Rxf8+ Rxf8 26. Kxb2 Ra8 27. Nf4
a3+ 28. Kxb3 Rb7+ 29. Bb4 a2 30. Bxh7 g6 31. Ra1 Rab8 32. Nxd5 Rb5 33. e4 Kg7
34. Rxa2 Kh6 35. h4 R5b7 36. g3 Rb5 37. Ra6 R5b6 38. Rxb6 Rxb6 39. Nxb6 Kg7 40.
Be7 Kh6 41. Bf8# 1-0

[Event "ICS rated blitz match"]
[Site "204.178.125.65"]
[Date "2000.02.22"]
[Round "?"]
[White "Amateur"]
[Black "Hossa"]
[Result "1-0"]
[WhiteElo "2372"]
[BlackElo "2305"]
[PlyCount "101"]

1. e4 g6 2. d4 Bg7 3. Nc3 c6 4. Nf3 d5 5. h3 dxe4 6. Nxe4 Nd7 7. Bf4 Qb6 8. Rb1
Qa5+ 9. Nc3 Ngf6 10. Qd2 O-O 11. Be2 Nb6 12. b4 Qf5 13. O-O Nbd5 14. Nxd5 cxd5
15. Ng5 Ne4 16. Nxe4 Qxe4 17. Rfd1 Rd8 18. Bf3 Qf5 19. Re1 Qd7 20. Be5 f6 21.
Bf4 e6 22. Re3 Qa4 23. a3 Bd7 24. c4 g5 25. Bh2 dxc4 26. Bxb7 Qb5 27. Bxa8 Rxa8
28. Bd6 Qd5 29. Bc5 Bc6 30. f3 a6 31. Rc1 g4 32. f4 gxh3 33. Rxh3 Bb5 34. Qc2
f5 35. a4 Bxd4+ 36. Kh1 Bxc5 37. bxc5 Qxc5 38. axb5 axb5 39. Rg3+ Kf7 40. Qb2
Rg8 41. Rxg8 Kxg8 42. Rb1 Qc7 43. Qxb5 Qxf4 44. Qe8+ Kg7 45. Rb7+ Qc7 46. Rxc7+
Kf6 47. Qh8+ Kg5 48. Qe5 Kg6 49. Rg7+ Kh6 50. Qf6+ Kh5 51. Qg5# 1-0

[Event "ICS rated blitz match"]
[Site "204.178.125.65"]
[Date "2000.02.22"]
[Round "?"]
[White "Hossa"]
[Black "kyrios"]
[Result "1-0"]
[WhiteElo "2295"]
[BlackElo "1914"]
[PlyCount "29"]

1. c4 c5 2. Nf3 Nc6 3. d4 cxd4 4. Nxd4 Nf6 5. Nc3 e6 6. Nxc6 dxc6 7. Qxd8+ Kxd8
8. Bf4 Nh5 9. O-O-O+ Bd7 10. Bg5+ f6 11. Bd2 g5 12. Ne4 Bg7 13. g4 Nf4 14. Bxf4
gxf4 15. Nc5 1-0

[Event "ICS rated blitz match"]
[Site "204.178.125.65"]
[Date "2000.02.22"]
[Round "?"]
[White "Hossa"]
[Black "Kob"]
[Result "0-1"]
[WhiteElo "2298"]
[BlackElo "2209"]
[PlyCount "140"]

1. Nf3 d5 2. c4 c6 3. g3 Bg4 4. Bg2 Bxf3 5. Bxf3 dxc4 6. Na3 Nf6 7. Nxc4 h5 8.
Qb3 Qc7 9. d4 b5 10. Na3 a6 11. Bf4 Qa5+ 12. Bd2 Qc7 13. Nc2 e6 14. h4 Bd6 15.
e4 e5 16. dxe5 Bxe5 17. O-O-O c5 18. Qa3 O-O 19. Ba5 Qe7 20. Na1 Nc6 21. Nb3 b4
22. Qa4 c4 23. Qxc6 cxb3 24. Kb1 Rfc8 25. Qa4 Rc2 26. Qxb3 Rxb2+ 27. Qxb2 Bxb2
28. e5 Qxe5 29. Bxa8 Ba3 30. Rd8+ Kh7 31. Rd2 Qxa5 32. Re2 Qf5+ 33. Ka1 Qd3 34.
Rhe1 g6 35. f3 Nd7 36. Be4 Qc3+ 37. Kb1 Nc5 38. Rd1 Na4 39. Bd5 Qf6 40. Kc2 Nc3
41. Rf2 Nxd1 42. Kxd1 Qe5 43. Rd2 Qxg3 44. Kc2 a5 45. Rd4 Qf2+ 46. Rd2 Qc5+ 47.
Kd1 Kg7 48. Be4 a4 49. Rc2 Qd4+ 50. Ke2 b3 51. axb3 axb3 52. Rc7 b2 53. Rb7 Bb4
54. Bd3 Qxd3+ 55. Kxd3 b1=Q+ 56. Kc4 Qc2+ 57. Kxb4 Qb2+ 58. Kc4 Qxb7 59. Kc5
Kf6 60. f4 Kf5 61. Kd4 Kxf4 62. Kc5 Ke5 63. Kc4 Qd5+ 64. Kc3 Qd4+ 65. Kb3 Qc5
66. Kb2 Kd4 67. Kb3 Kd3 68. Ka4 Qb6 69. Ka3 Kc3 70. Ka4 Qb4# 0-1

[Event "ICS rated blitz match"]
[Site "204.178.125.65"]
[Date "2000.02.22"]
[Round "?"]
[White "BinaryLogic"]
[Black "Hossa"]
[Result "0-1"]
[WhiteElo "1889"]
[BlackElo "2278"]
[PlyCount "66"]

1. e4 d5 2. exd5 Qxd5 3. Nc3 Qa5 4. d4 Nf6 5. Bc4 e6 6. Nf3 Bb4 7. Bd2 O-O 8.
O-O Nc6 9. a3 Bxc3 10. Bxc3 Qb6 11. b4 Nd5 12. Bb2 a5 13. b5 Nce7 14. Re1 Bd7
15. a4 Rfd8 16. Bf1 c5 17. c4 Nb4 18. Re5 cxd4 19. c5 Qc7 20. Rg5 f6 21. Rxg7+
Kxg7 22. Qxd4 Nbd5 23. Ra3 e5 24. Qh4 Qxc5 25. Nxe5 fxe5 26. Bxe5+ Kf8 27. Rf3+
Ke8 28. Qxh7 Be6 29. b6 Qc1 30. Qd3 Ra6 31. Bc7 Nxc7 32. Rf8+ Kxf8 33. Qxd8+
Ne8 0-1

[Event "ICS rated standard match"]
[Site "204.178.125.65"]
[Date "2000.02.22"]
[Round "?"]
[White "Hossa"]
[Black "boffin"]
[Result "1-0"]
[WhiteElo "2233"]
[BlackElo "1958"]
[PlyCount "77"]

1. c4 g6 2. d4 Bg7 3. e4 d6 4. Nf3 Nc6 5. d5 Ne5 6. Nxe5 Bxe5 7. Qa4+ Qd7 8.
Qxd7+ Bxd7 9. Nc3 Bxc3+ 10. bxc3 e6 11. Rb1 b6 12. Bd3 e5 13. Be3 Nf6 14. Ke2
Ke7 15. Bh6 Rag8 16. h4 Be8 17. Kf3 Nd7 18. Bc2 Nc5 19. g4 f6 20. Rbc1 Kf7 21.
Rh2 Bd7 22. Rch1 a5 23. Rc1 Re8 24. Rch1 Rhg8 25. Re1 Ba4 26. Bb1 Bd7 27. Re3
Bc8 28. g5 f5 29. exf5 gxf5 30. Bc2 f4 31. Re2 Ba6 32. Bxh7 Rh8 33. Bf5 Bxc4
34. Rd2 Na4 35. Be6+ Ke7 36. Bg7 Rh7 37. Bf6+ Kf8 38. g6 Rh6 39. g7# 1-0

[Event "ICS rated blitz match"]
[Site "204.178.125.65"]
[Date "2000.02.22"]
[Round "?"]
[White "Hossa"]
[Black "Vanhelgi"]
[Result "1-0"]
[WhiteElo "2281"]
[BlackElo "2088"]
[PlyCount "48"]

1. e4 e6 2. d4 d5 3. e5 c5 4. c3 Nc6 5. Nf3 Qb6 6. a4 cxd4 7. cxd4 Nge7 8. Nc3
Nf5 9. Bb5 a6 10. a5 Qa7 11. Bxc6+ bxc6 12. O-O Be7 13. Be3 Nxe3 14. fxe3 O-O
15. Na4 c5 16. Nb6 Rb8 17. Qc2 cxd4 18. exd4 Bd7 19. Nxd7 Qxd7 20. Rac1 Rfc8
21. Qd2 Rc4 22. Rxc4 dxc4 23. Qf2 h6 24. Nd2 Qb5 1-0

[Event "ICS rated blitz match"]
[Site "204.178.125.65"]
[Date "2000.02.22"]
[Round "?"]
[White "Vanhelgi"]
[Black "Hossa"]
[Result "0-1"]
[WhiteElo "2080"]
[BlackElo "2289"]
[PlyCount "108"]

1. d4 d5 2. c4 c6 3. Nf3 Nf6 4. Nc3 e6 5. Bg5 h6 6. Bxf6 Qxf6 7. e3 Bd6 8. Bd3
Qe7 9. O-O Nd7 10. Rc1 O-O 11. e4 Bf4 12. Rc2 Nf6 13. e5 Nd7 14. g3 dxc4 15.
Bxc4 Qb4 16. Bd3 Bg5 17. Nxg5 hxg5 18. Qh5 f5 19. exf6 Nxf6 20. Qxg5 Qxd4 21.
Rd1 Qg4 22. Qxg4 Nxg4 23. Ne4 a5 24. Rcd2 a4 25. a3 Ne5 26. Be2 Ra5 27. f4 Nf7
28. Bc4 Rh5 29. Nd6 Nxd6 30. Rxd6 Kf7 31. Kg2 Ke7 32. R6d4 c5 33. Rd6 Rfh8 34.
h4 Rf5 35. Kf3 Rff8 36. Ke4 Rd8 37. Rxd8 Rxd8 38. Rxd8 Kxd8 39. Ke5 Ke7 40. g4
Bd7 41. g5 g6 42. Bd3 Be8 43. Be4 b6 44. h5 gxh5 45. g6 Bb5 46. Bf3 h4 47. Bg4
Bc4 48. g7 Kf7 49. Kd6 Kxg7 50. Bxe6 Bxe6 51. Kxe6 h3 52. f5 h2 53. Ke7 h1=Q
54. f6+ Kg6 0-1

[Event "ICS rated blitz match"]
[Site "204.178.125.65"]
[Date "2000.02.22"]
[Round "?"]
[White "Hossa"]
[Black "Goran71"]
[Result "1-0"]
[WhiteElo "2296"]
[BlackElo "1911"]
[PlyCount "61"]

1. c4 Nf6 2. d4 g6 3. Nf3 Bg7 4. Nc3 O-O 5. e4 d6 6. Bg5 h6 7. Bh4 c5 8. dxc5
Qa5 9. cxd6 Nxe4 10. dxe7 Re8 11. Rc1 g5 12. Qd5 Bxc3+ 13. Rxc3 Qxd5 14. cxd5
Rxe7 15. Rxc8+ Kg7 16. Be2 gxh4 17. Nxh4 Kf6 18. Nf3 Nd6 19. Rh8 Kg7 20. Rd8
Rd7 21. Rxd7 Nxd7 22. Nd4 Re8 23. Kd1 Nb6 24. Bf3 Rd8 25. Kc2 Ndc4 26. Rd1 Nxd5
27. Nf5+ Kf6 28. Rxd5 Rxd5 29. Bxd5 Nb6 30. Be4 Ke5 31. f3 1-0

[Event "ICS rated blitz match"]
[Site "204.178.125.65"]
[Date "2000.02.22"]
[Round "?"]
[White "sixtyfifth"]
[Black "Hossa"]
[Result "0-1"]
[WhiteElo "1962"]
[BlackElo "2299"]
[PlyCount "44"]

1. e4 c6 2. d3 d5 3. Nd2 e5 4. g3 dxe4 5. Nxe4 Nf6 6. Bg5 Be7 7. Bxf6 gxf6 8.
g4 Qb6 9. Rb1 Qa5+ 10. c3 Qxa2 11. Be2 Rg8 12. h3 f5 13. gxf5 Bxf5 14. Bh5 Na6
15. Qc1 Nc5 16. Nxc5 Bxc5 17. Ra1 Qd5 18. Bf3 Rxg1+ 19. Rxg1 Qxf3 20. Rg8+ Kd7
21. Rxa8 Bxf2+ 22. Kd2 Qxd3# 0-1

[Event "ICS rated blitz match"]
[Site "204.178.125.65"]
[Date "2000.02.22"]
[Round "?"]
[White "Hossa"]
[Black "sixtyfifth"]
[Result "1-0"]
[WhiteElo "2303"]
[BlackElo "1958"]
[PlyCount "21"]

1. d4 Nf6 2. Nf3 g6 3. c4 Bg7 4. Nc3 O-O 5. e4 d6 6. Be2 e5 7. dxe5 dxe5 8. Bg5
h6 9. Qxd8 Rxd8 10. Bxf6 Bxf6 11. Nd5 1-0

[Event "ICS rated blitz match"]
[Site "204.178.125.65"]
[Date "2000.02.22"]
[Round "?"]
[White "Hossa"]
[Black "sixtyfifth"]
[Result "1-0"]
[WhiteElo "2311"]
[BlackElo "1950"]
[PlyCount "85"]

1. c4 Nf6 2. d4 g6 3. Nf3 Bg7 4. Nc3 O-O 5. e4 d6 6. Bg5 Nbd7 7. Be2 h6 8. Bh4
c5 9. d5 a6 10. O-O Rb8 11. Qb3 Qb6 12. Qc2 Qa5 13. Nd2 Re8 14. Nb3 Qc7 15. Qd2
g5 16. Bg3 Ne5 17. f4 gxf4 18. Bxf4 Kh7 19. Bxe5 dxe5 20. Rf2 Bd7 21. Raf1 b5
22. d6 Qc6 23. cxb5 axb5 24. dxe7 Rxe7 25. Rxf6 Bxf6 26. Nd5 Bg5 27. Nxe7 Bxd2
28. Rxf7+ Kh8 29. Nxc6 Be3+ 30. Kf1 Bxc6 31. Bf3 c4 32. Na5 Ba8 33. Rf6 Kg7 34.
Ra6 Bd4 35. a4 Bxb2 36. axb5 c3 37. Ra7+ Kg6 38. Ra6+ Kg5 39. g3 Bxe4 40. Bxe4
Rxb5 41. Rg6+ Kh5 42. Rg7 Rxa5 43. Bf3# 1-0

[Event "ICS rated standard match"]
[Site "204.178.125.65"]
[Date "2000.02.22"]
[Round "?"]
[White "Hossa"]
[Black "dper"]
[Result "1-0"]
[WhiteElo "2238"]
[BlackElo "1914"]
[PlyCount "73"]

1. e4 c6 2. d4 d5 3. Nc3 dxe4 4. Nxe4 Nd7 5. Bc4 e6 6. Nf3 Ngf6 7. Nxf6+ Nxf6
8. O-O Be7 9. Bg5 O-O 10. Re1 b5 11. Bd3 Bb7 12. Ne5 a6 13. c3 Rc8 14. Qc2 g6
15. Bh6 c5 16. Bxf8 Bxf8 17. dxc5 Bxc5 18. Rad1 Qc7 19. Qc1 Bd6 20. Qg5 Be7 21.
a3 Nd5 22. Qh6 Bf6 23. Ng4 Bg7 24. Qg5 Qc6 25. Be4 f5 26. Bxd5 exd5 27. Nh6+
Kh8 28. Nf7+ Kg8 29. Nd8 Qd7 30. Nxb7 Qxb7 31. Re7 Qc6 32. Qe3 Kf8 33. Qa7 Qf6
34. Rde1 Rd8 35. R1e6 Qg5 36. Rf7+ Kg8 37. Rxg7+ 1-0

[Event "ICS rated blitz match"]
[Site "204.178.125.65"]
[Date "2000.02.22"]
[Round "?"]
[White "PostModernist"]
[Black "Hossa"]
[Result "1-0"]
[WhiteElo "2444"]
[BlackElo "2315"]
[PlyCount "135"]

1. d4 d5 2. c4 e6 3. Nc3 c6 4. e3 Nf6 5. Nf3 Bb4 6. Bd3 Nbd7 7. Bd2 dxc4 8.
Bxc4 O-O 9. O-O Nb6 10. Bd3 c5 11. a3 cxd4 12. axb4 dxc3 13. Bxc3 Bd7 14. Qc2
Nbd5 15. e4 Nxc3 16. bxc3 g6 17. e5 Nd5 18. Qd2 Qe7 19. Ra3 Rfd8 20. Rfa1 a6
21. b5 Bc8 22. Be2 Nc7 23. Qh6 Qf8 24. Qh4 Rd7 25. Ng5 Qg7 26. Ne4 Kh8 27. Bc4
Rb8 28. Nc5 g5 29. Qe4 Rd2 30. Qe1 Rd8 31. bxa6 bxa6 32. R3a2 Rb6 33. Nxa6 Bxa6
34. Bxa6 f6 35. exf6 Qxf6 36. Be2 Nd5 37. Rc1 Nf4 38. Bc4 Qf5 39. h3 Rf8 40.
Rca1 Rc6 41. Ra5 Nd5 42. Ba2 Qg6 43. Bxd5 exd5 44. Rxd5 Rcf6 45. f3 Re8 46. Re5
Ref8 47. Re7 Rf5 48. Raa7 h6 49. Qe4 Qb6+ 50. Kh1 Qg6 51. Qb7 R8f7 52. Rxf7
Rxf7 53. Qxf7 Qxf7 54. Rxf7 Kg8 55. Rf5 Kg7 56. c4 Kg6 57. g4 h5 58. c5 Kh6 59.
c6 Kg7 60. c7 hxg4 61. fxg4 Kg6 62. c8=Q Kg7 63. Qd7+ Kg8 64. Qf7+ Kh8 65. Qf8+
Kh7 66. Rf7+ Kg6 67. Qg8+ Kh6 68. Rh7# 1-0

[Event "ICS rated blitz match"]
[Site "204.178.125.65"]
[Date "2000.02.22"]
[Round "?"]
[White "Hossa"]
[Black "Zippy"]
[Result "1-0"]
[WhiteElo "2305"]
[BlackElo "2156"]
[PlyCount "111"]

1. Nf3 Nf6 2. d4 e6 3. Bf4 c5 4. dxc5 Bxc5 5. Bd6 Qa5+ 6. c3 Bxf2+ 7. Kxf2 Qb6+
8. Ke1 Ne4 9. Bg3 Nxg3 10. hxg3 Qxb2 11. Nbd2 d5 12. Qc1 Qb6 13. Qb1 Nd7 14. c4
dxc4 15. Qxb6 Nxb6 16. Rc1 O-O 17. Nxc4 Nxc4 18. Rxc4 f5 19. Rc7 Rd8 20. e3 Rd7
21. Rxd7 Bxd7 22. Ne5 Rd8 23. Bc4 Rc8 24. Rh4 b5 25. Bb3 Rc1+ 26. Kd2 Rc7 27.
Rd4 Be8 28. Bxe6+ Kf8 29. Bxf5 g6 30. Bd3 Ke7 31. e4 Rc5 32. Nf3 a5 33. e5 b4
34. Rh4 h5 35. Rc4 Rxc4 36. Bxc4 Bc6 37. Ke3 a4 38. Kd4 b3 39. axb3 a3 40. b4
Bb5 41. Bd5 Bc6 42. Nd2 Bxd5 43. Kxd5 a2 44. Nb3 g5 45. b5 h4 46. b6 a1=R 47.
Nxa1 Kd7 48. e6+ Kd8 49. Nb3 h3 50. Kd6 Ke8 51. b7 Kf8 52. b8=Q+ Kg7 53. e7 g4
54. Qf8+ Kh7 55. e8=Q h2 56. Qef7# 1-0